| 000 | 00848nam a2200253 i 4500 | ||
|---|---|---|---|
| 001 | 179356 | ||
| 003 | ES-MaACL | ||
| 005 | 20230906220748.0 | ||
| 008 | 111108s2001 sp a |||| | spa d | ||
| 020 | _a84-607-2250-3 | ||
| 080 | _a641.85(083.12) | ||
| 080 | _a663.992 | ||
| 100 | 1 |
_aCastelló, María. _9148497 |
|
| 245 | 1 | 0 |
_a20 postres con amor y una tarta de cumpleaños / _ctexto, María Castelló ; dibujos, Jau. |
| 246 | 3 | 3 | _aVeinte postres con amor y una tarta de cumpleaños |
| 260 |
_aAlicante : _bAsociación Alacannabis, _c[2001] |
||
| 300 |
_a80 p. : _bil. ; _c21 cm. |
||
| 500 | _aÍndice. | ||
| 597 | _aEjemp. con sobrecub. plásticas y canutillo. | ||
| 650 | 0 | 7 |
_aRepostería. _9148499 |
| 650 | 7 |
_aCannabis. _9148498 |
|
| 650 | 4 |
_aCocina- _vRecetas. _911127 |
|
| 852 |
_aES-MaACL _j2306-F-14 _z. - Donativo M. A. Velasco |
||
| 999 |
_c179356 _d179356 |
||